Los ferrocarrileros hablan /

Αποθηκεύτηκε σε:
Λεπτομέρειες βιβλιογραφικής εγγραφής
Άλλοι συγγραφείς: Arriaga, Gonzalo (autor) (autor)
Μορφή: Βιβλίο
Γλώσσα:Ισπανικά
Έκδοση: Puebla, México : Benemérita Universidad Autónoma de Puebla, 1983
Ετικέτες: Προσθήκη ετικέτας
Δεν υπάρχουν, Καταχωρήστε ετικέτα πρώτοι!

MARC

LEADER 00000nam^a2200000^a^4500
001 000427687
005 20250526000000.0
009 20260310122814.211
037 |a Acervo ITESO - Biblioteca 
041 |a ESP 
091 |a FHM. 03480 
245 0 4 |a Los ferrocarrileros hablan / 
264 1 |a Puebla, México :  |b Benemérita Universidad Autónoma de Puebla,  |c 1983 
300 |a 202 p. ;  |c 22.5 cm. 
336 |a texto  |b txt  |2 rdacontenido 
337 |a sin mediación  |b n  |2 rdamedio 
338 |a volumen  |b nc  |2 rdasoporte 
649 |a XX 
700 |a Arriaga, Gonzalo  |e (autor) 
910 |a Fondo Hugo B. Margáin 
920 |a Impresos - Libros 
930 |a Libros Antiguos y Raros 
905 |a 126 
901 |a 0500307467  |b IT2  |c LRA  |i D112259  |u 20250526 
902 |a https://opac.biblio.iteso.mx/vufind/Record/000427687